[Event "1st Spanish League"]
[Site "Linares"]
[Date "2017.08.16"]
[Round "3"]
[White "Van Kampen, Robin"]
[Black "Granda Zuniga, Julio E"]
[Result "1/2-1/2"]
[WhiteTitle "GM"]
[BlackTitle "GM"]
[WhiteElo "2643"]
[BlackElo "2662"]
[Board "1"]
[WhiteCountry "NED"]
[WhiteFideId "1020854"]
[BlackCountry "PER"]
[BlackFideId "3800024"]
[WhiteClock "0:02:03"]
[BlackClock "0:10:51"]

1. e4 e5 2. Nf3 Nc6 3. Bc4 g6 4. d4 exd4 5. c3 d3 6. O-O d6 7. Qb3 Qd7 8.
Ng5 Nh6 9. Bxd3 Bg7 10. f4 O-O 11. Na3 Ng4 12. Bd2 b6 13. Rae1 Bb7 14. Qd1
Rae8 15. Nc2 Re7 16. Qf3 Rfe8 17. Qh3 Nf6 18. Qxd7 Nxd7 19. b4 Nd8 20. Na3
Nf6 21. e5 dxe5 22. fxe5 Rxe5 23. Rxe5 Rxe5 24. Bf4 Re7 25. Bc4 c6 26. Rd1
Nd5 27. Nb5 Ne6 28. Bxd5 cxd5 29. Nxe6 fxe6 30. Re1 e5 31. Nxa7 Bf6 32. Bg3
Ba8 33. Nb5 Bc6 34. a4 e4 35. Rf1 Kg7 36. Rc1 e3 37. Kf1 g5 38. Nd4 Bd7 39.
a5 bxa5 40. bxa5 Bc8 41. Ke1 Ra7 42. Ra1 Ba6 43. Ra3 g4 44. Nc6 Rb7 45. Nb4
d4 46. Nxa6 dxc3 47. Kd1 Rb1+ 48. Kc2 Rb2+ 49. Kd1 Rxg2 50. Nc5 Rg1+ 51.
Kc2 Rg2+ 52. Kc1 Rg1+ 53. Kc2 Rg2+ 54. Kc1 1/2-1/2

[Event "1st Spanish League"]
[Site "Linares"]
[Date "2017.08.16"]
[Round "3"]
[White "Andres Gonzalez, Alberto"]
[Black "Moreno Ruiz, Javier"]
[Result "0-1"]
[WhiteTitle "IM"]
[BlackTitle "IM"]
[WhiteElo "2517"]
[BlackElo "2460"]
[Board "3"]
[WhiteCountry "ESP"]
[WhiteFideId "2212595"]
[BlackCountry "ESP"]
[BlackFideId "2203146"]
[WhiteEloChange "-6"]
[BlackEloChange "6"]

1. d4 Nf6 2. Nf3 g6 3. g3 Bg7 4. c4 O-O 5. Bg2 d6 6. O-O c6 7. Nc3 Qa5 8.
Bd2 Qh5 9. Qb3 b6 10. Rfe1 Bh3 11. Ng5 Bxg2 12. Kxg2 h6 13. Nf3 Nbd7 14. e4
g5 15. h3 Qg6 16. Rad1 e5 17. Bc1 Rfc8 18. Qc2 b5 19. dxe5 dxe5 20. cxb5
cxb5 21. Qe2 a6 22. h4 g4 23. Nh2 Nc5 24. Nd5 Nxd5 25. Rxd5 h5 26. Bd2 f5
27. Bc3 Nxe4 28. Bxe5 Qe6 0-1

[Event "1st Spanish League"]
[Site "Linares"]
[Date "2017.08.16"]
[Round "3"]
[White "Ortega Ruiz, Jose Miguel"]
[Black "Martinez Duany, Lelys Stanley"]
[Result "0-1"]
[WhiteTitle "FM"]
[BlackTitle "GM"]
[WhiteElo "2263"]
[BlackElo "2510"]
[Board "4"]
[WhiteCountry "ESP"]
[WhiteFideId "2209713"]
[BlackCountry "CUB"]
[BlackFideId "3504727"]
[WhiteEloChange "-4"]
[BlackEloChange "2"]

1. e4 e5 2. Nf3 Nc6 3. d4 exd4 4. Nxd4 Bb4+ 5. c3 Bc5 6. Be3 Bb6 7. Bc4
Nge7 8. O-O O-O 9. Bg5 Kh8 10. Nxc6 bxc6 11. e5 d5 12. exd6 cxd6 13. Bd3 f6
14. Bf4 Nd5 15. Bd2 f5 16. c4 Nf6 17. Bf4 Ng4 18. Be2 Ne5 19. Qd2 Be6 20.
Na3 a5 21. b3 Bc5 22. Nc2 Qb6 23. Rad1 Rad8 24. Nd4 Bc8 25. h3 Ng6 26. Bg5
Rde8 27. Bh5 Re4 28. Nf3 f4 29. Bxg6 hxg6 30. Qd3 Bf5 31. Nh4 Bxf2+ 32. Kh1
Bxh4 33. Bxh4 f3 34. Qxd6 fxg2+ 35. Kxg2 Re2+ 36. Kg3 Rfe8 37. Rd4 R2e6 38.
Bd8 Qa7 39. Qf4 Re3+ 40. Rf3 Rxf3+ 41. Qxf3 Re4 42. Rxe4 Qg1+ 0-1

[Event "1st Spanish League"]
[Site "Linares"]
[Date "2017.08.16"]
[Round "3"]
[White "Vega Gutierrez, Belinda"]
[Black "Collazo Hidalgo-Gato, Niala"]
[Result "0-1"]
[WhiteTitle "WIM"]
[BlackTitle "WIM"]
[WhiteElo "2178"]
[BlackElo "2198"]
[Board "5"]
[WhiteCountry "ESP"]
[WhiteFideId "2229994"]
[BlackCountry "ESP"]
[BlackFideId "3504476"]
[WhiteEloChange "-9"]
[BlackEloChange "9"]

1. e4 g6 2. h4 d6 3. h5 Bg7 4. Bc4 e6 5. Nc3 c6 6. Qe2 b5 7. Bb3 Nd7 8. Nf3
b4 9. Nd1 a5 10. c3 Ba6 11. Bc4 Bxc4 12. Qxc4 d5 13. exd5 cxd5 14. Qe2 Ngf6
15. h6 Bf8 16. d4 Qc7 17. Ng5 Be7 18. Rh3 O-O 19. Bd2 e5 20. Kf1 e4 21. Ne3
Qc6 22. c4 dxc4 23. Nxc4 Qd5 24. Re1 Rfe8 25. b3 Bf8 26. Be3 a4 27. Kg1
axb3 28. axb3 Qf5 29. Rh4 Nd5 30. Nd2 N7f6 31. g4 Qd7 32. f3 Nxe3 33. Ndxe4
Ned5 34. Rh2 Nxe4 35. fxe4 Nc3 36. Qf2 Ra2 37. Qf4 Qxd4+ 38. Kh1 Rxh2+ 39.
Kxh2 Bd6 0-1

[Event "1st Spanish League"]
[Site "Linares"]
[Date "2017.08.16"]
[Round "3"]
[White "Anton Guijarro, David"]
[Black "Oparin, Grigoriy"]
[Result "1/2-1/2"]
[WhiteTitle "GM"]
[BlackTitle "GM"]
[WhiteElo "2654"]
[BlackElo "2609"]
[Board "1"]
[WhiteCountry "ESP"]
[WhiteFideId "2285525"]
[BlackCountry "RUS"]
[BlackFideId "24125890"]
[WhiteEloChange "-1"]
[BlackEloChange "1"]

1. e4 e5 2. Nf3 Nc6 3. Bb5 a6 4. Ba4 Nf6 5. O-O Be7 6. d3 b5 7. Bb3 d6 8.
a4 Bd7 9. c3 Na5 10. Bc2 c5 11. d4 Qb8 12. Bg5 h6 13. Bh4 Nc6 14. d5 Nd8
15. Bg3 Nb7 16. Nfd2 h5 17. Nf3 c4 18. h3 Nc5 19. Nbd2 bxa4 20. Ra2 Qc7 21.
Nh4 Rb8 22. Qe2 a3 23. bxa3 g5 24. Nf5 Bxf5 25. exf5 Nxd5 26. Qxc4 Nb6 27.
Qe2 Kf8 28. a4 Nd5 29. Ra3 Bf6 30. Rd1 Nf4 31. Bxf4 exf4 32. Nc4 Kg7 33.
Rxd6 1/2-1/2

[Event "1st Spanish League"]
[Site "Linares"]
[Date "2017.08.16"]
[Round "3"]
[White "Almagro Llamas, Pablo"]
[Black "Perez Candelario, Manuel"]
[Result "1/2-1/2"]
[WhiteTitle "IM"]
[BlackTitle "GM"]
[WhiteElo "2466"]
[BlackElo "2586"]
[Board "3"]
[WhiteCountry "ESP"]
[WhiteFideId "2221799"]
[BlackCountry "ESP"]
[BlackFideId "2210622"]
[WhiteEloChange "2"]
[BlackEloChange "-2"]

1. d4 Nf6 2. Nf3 g6 3. g3 Bg7 4. Bg2 O-O 5. O-O d6 6. c4 Nc6 7. Nc3 e5 8.
d5 Nb8 9. Ne1 a5 10. Nd3 Nfd7 11. e4 Na6 12. Be3 Ndc5 13. Nxc5 Nxc5 14. Qd2
b6 15. Bh6 Bd7 16. Bxg7 Kxg7 17. f4 f6 18. f5 Rb8 19. Qe2 a4 20. Rf2 Qc8
21. g4 gxf5 22. gxf5 Kh8 23. Kh1 Rg8 24. Rg1 Qf8 25. Bf1 Rxg1+ 26. Kxg1 Qh6
27. Qd2 Rg8+ 28. Kh1 Qh4 29. Qe3 Rg4 30. Rg2 Rxg2 31. Kxg2 Be8 32. h3 h6
33. Qg3 Qg5 34. Qxg5 hxg5 35. Be2 Kg7 36. Kf2 Kf8 1/2-1/2

[Event "1st Spanish League"]
[Site "Linares"]
[Date "2017.08.16"]
[Round "3"]
[White "Santos Latasa, Jaime"]
[Black "Espinosa Aranda, Angel"]
[Result "1-0"]
[WhiteTitle "IM"]
[BlackTitle "IM"]
[WhiteElo "2524"]
[BlackElo "2454"]
[Board "4"]
[WhiteCountry "ESP"]
[WhiteFideId "2293307"]
[BlackCountry "ESP"]
[BlackFideId "2278189"]
[WhiteEloChange "4"]
[BlackEloChange "-4"]

1. c4 Nf6 2. Nc3 Nc6 3. Nf3 e5 4. e3 g6 5. d4 d6 6. dxe5 Nxe5 7. Be2 Nxf3+
8. Bxf3 Bg7 9. O-O O-O 10. b3 Ne4 11. Bxe4 Bxc3 12. Rb1 Re8 13. Bc2 Bd7 14.
Bb2 Bxb2 15. Rxb2 Qf6 16. Rb1 Bc6 17. Re1 Re7 18. b4 b6 19. Qd4 Qxd4 20.
exd4 Rae8 21. Rxe7 Rxe7 22. Bd3 Kg7 23. Rc1 Kf6 24. f3 Bd7 25. Kf2 Bf5 26.
Bxf5 Kxf5 27. b5 Re8 28. Rc3 Ra8 29. Ra3 Ke6 30. g4 d5 31. c5 bxc5 32. Ra6+
Kd7 33. dxc5 h5 34. g5 h4 35. h3 Rb8 36. a4 d4 37. Rxa7 Ke6 38. Rxc7 Ra8
39. b6 Rxa4 40. b7 Ra2+ 41. Ke1 Rb2 42. Rc6+ Kd5 43. Rb6 1-0

[Event "1st Spanish League"]
[Site "Linares"]
[Date "2017.08.16"]
[Round "3"]
[White "Garcia Martin, Marta"]
[Black "Hernandez Estevez, Yudania"]
[Result "0-1"]
[WhiteTitle "FM"]
[BlackTitle "WIM"]
[WhiteElo "2411"]
[BlackElo "2211"]
[Board "5"]
[WhiteCountry "ESP"]
[WhiteFideId "32084030"]
[BlackCountry "ESP"]
[BlackFideId "2219344"]
[WhiteEloChange "-8"]
[BlackEloChange "15"]

1. e4 c6 2. d4 d5 3. e5 Bf5 4. h4 h6 5. g4 Bh7 6. e6 fxe6 7. Bd3 e5 8. dxe5
Bxd3 9. Qxd3 e6 10. Ne2 Ne7 11. Nf4 Qd7 12. Be3 Na6 13. Nd2 c5 14. c4 O-O-O
15. O-O-O g6 16. Qe2 Qc6 17. Nf3 Bg7 18. cxd5 exd5 19. Kb1 Kb8 20. Rc1 Qb6
21. Rhd1 Rhf8 22. Rd3 d4 23. Bd2 Nc7 24. Qe4 Ncd5 25. Nxd5 Rxd5 26. Rb3 Qa6
27. Bf4 Ka8 28. Bg3 Rfd8 29. Nd2 d3 30. f4 Qe6 31. Qf3 Qc6 32. Rbc3 b6 33.
Rd1 Rd4 34. Qxc6+ Nxc6 35. Nf3 R4d5 36. h5 gxh5 37. gxh5 b5 38. b3 Na5 39.
f5 c4 40. bxc4 bxc4 41. f6 Bf8 42. a3 Rb5+ 43. Ka2 Re8 44. Nd2 Re6 45. Bf4
Reb6 46. Rb1 Rxb1 47. Nxb1 Kb7 48. Nd2 Rc6 49. Ne4 Kc8 50. Nd2 Kd7 51. Nf3
Nb3 52. Be3 Ke6 53. Kb2 Rc7 54. Rxb3 cxb3 55. Kxb3 Kf5 56. Ne1 Kxe5 57.
Nxd3+ Kxf6 58. Nf4 Kf5 59. Nd5 Rb7+ 60. Kc4 Kg4 61. Nf6+ Kh4 62. a4 Rb4+
63. Kd5 Rxa4 64. Bf2+ Kh3 65. Be3 Ra3 66. Ke4 a5 67. Nd7 Bg7 68. Nc5 a4 69.
Ne6 Rxe3+ 70. Kxe3 a3 71. Nc5 Kg4 72. Nb3 Kxh5 73. Kf3 Kg5 74. Kg3 Kf5 75.
Kf3 Ke5 0-1

[Event "1st Spanish League"]
[Site "Linares"]
[Date "2017.08.16"]
[Round "3"]
[White "Glavina, Pablo"]
[Black "Nikolov, Momchil"]
[Result "1/2-1/2"]
[WhiteTitle "IM"]
[BlackTitle "GM"]
[WhiteElo "2400"]
[BlackElo "2585"]
[Board "1"]
[WhiteCountry "ARG"]
[WhiteFideId "100234"]
[BlackCountry "BUL"]
[BlackFideId "2905710"]
[WhiteEloChange "2"]
[BlackEloChange "-2"]

1. c4 Nf6 2. Nc3 c5 3. Nf3 d5 4. cxd5 Nxd5 5. e4 Nb4 6. Bb5+ N8c6 7. d4
cxd4 8. a3 dxc3 9. Qxd8+ Kxd8 10. axb4 cxb2 11. Bxb2 f6 12. e5 Bd7 13. O-O
Nxe5 14. Rfd1 Nc6 15. Bc4 Ke8 16. b5 Nd8 17. Bd4 Rc8 18. Be2 e5 19. Bxa7
Bc5 20. Nd2 Ke7 21. Ne4 Bxa7 22. Rxa7 Rc2 23. Kf1 Be6 24. Nd6 Rc7 25. Bf3
Rd7 26. Nxb7 Nxb7 27. Rxd7+ Bxd7 28. Rxb7 Kd6 29. Be4 g6 30. Rb6+ Kc5 31.
Rxf6 Bxb5+ 32. Ke1 Kd4 33. Rb6 Kxe4 34. Rxb5 Ra8 35. Rb2 h5 36. Ke2 g5 37.
f3+ Kf5 38. h3 Ra5 39. Kf2 g4 40. hxg4+ hxg4 41. Kg3 Ra3 42. Rb4 gxf3 43.
gxf3 1/2-1/2

[Event "1st Spanish League"]
[Site "Linares"]
[Date "2017.08.16"]
[Round "3"]
[White "Oliva Castaneda, Kevel"]
[Black "Adla, Diego"]
[Result "1/2-1/2"]
[WhiteTitle "IM"]
[BlackTitle "IM"]
[WhiteElo "2497"]
[BlackElo "2394"]
[Board "2"]
[WhiteCountry "CUB"]
[WhiteFideId "3500799"]
[BlackCountry "ARG"]
[BlackFideId "100072"]
[WhiteEloChange "-1"]
[BlackEloChange "3"]

1. d4 Nf6 2. Nf3 e6 3. Bf4 c5 4. e3 b6 5. Bd3 Bb7 6. O-O Be7 7. h3 O-O 8.
Nbd2 d5 9. c3 Nc6 10. Qe2 Bd6 11. Bxd6 Qxd6 12. dxc5 Qxc5 13. e4 dxe4 14.
Nxe4 Qe7 15. Nfg5 g6 16. Nxf6+ Qxf6 17. Ne4 Qe7 18. f4 Rad8 19. Rf3 Nb8 20.
Rg3 Bxe4 21. Bxe4 Qc7 22. Rf1 Nc6 23. Qc4 Rd6 24. Rd3 Rxd3 25. Bxd3 Rd8 26.
Be2 Rd5 27. Bf3 Rc5 28. Qd3 Ne7 29. g3 g5 30. Bg2 gxf4 31. Rxf4 Rg5 32. Qf3
Ng6 33. Rg4 Rd5 34. Qe2 Re5 35. Qd2 Rf5 36. Qd3 1/2-1/2

[Event "1st Spanish League"]
[Site "Linares"]
[Date "2017.08.16"]
[Round "3"]
[White "Goni Navarro, Pablo"]
[Black "Granero Roca, Antonio"]
[Result "1/2-1/2"]
[BlackTitle "IM"]
[WhiteElo "2132"]
[BlackElo "2392"]
[Board "3"]
[WhiteCountry "ESP"]
[WhiteFideId "22295720"]
[BlackCountry "ESP"]
[BlackFideId "2210509"]
[WhiteEloChange "6"]
[BlackEloChange "-6"]

1. c4 Nf6 2. Nc3 g6 3. Nf3 Bg7 4. e4 d6 5. d4 O-O 6. h3 Na6 7. Be3 c5 8.
Be2 cxd4 9. Nxd4 Nc5 10. Bf3 Bd7 11. O-O Rc8 12. Rc1 a6 13. b4 Ne6 14. Nd5
Nxd4 15. Bxd4 Ba4 16. Nxe7+ Qxe7 17. Qxa4 Nxe4 18. Bxg7 Kxg7 19. Rfe1 f5
20. Qd1 Rfe8 21. Qd5 Qf7 22. Qd4+ Qf6 23. Rcd1 d5 24. Qxf6+ Kxf6 25. cxd5
Nd6 26. Kf1 Rxe1+ 27. Rxe1 Re8 28. Rxe8 Nxe8 29. Ke2 Ke5 30. Kd3 b5 31. g3
g5 32. Bg2 Nd6 33. Ke3 Nc4+ 34. Kd3 Nd6 35. Ke3 Nc4+ 1/2-1/2

[Event "1st Spanish League"]
[Site "Linares"]
[Date "2017.08.16"]
[Round "3"]
[White "Cano Sanchez, Josue"]
[Black "Chueca Lorente, Javier"]
[Result "0-1"]
[WhiteTitle "FM"]
[WhiteElo "2392"]
[BlackElo "2103"]
[Board "4"]
[WhiteCountry "ESP"]
[WhiteFideId "2224410"]
[BlackCountry "ESP"]
[BlackFideId "22216405"]
[WhiteEloChange "-17"]
[BlackEloChange "17"]

1. Nf3 c5 2. c4 g6 3. Nc3 Bg7 4. g3 Nc6 5. Bg2 Nh6 6. a3 O-O 7. Rb1 a5 8.
O-O Nf5 9. d3 d6 10. Bd2 Bd7 11. Ng5 Rb8 12. Nge4 h5 13. h3 Nfd4 14. e3 Ne6
15. f4 f5 16. Nf2 Nc7 17. Qc2 e6 18. Na2 b6 19. b4 axb4 20. axb4 Qe7 21. h4
d5 22. bxc5 bxc5 23. Rxb8 Rxb8 24. Rb1 Rxb1+ 25. Qxb1 dxc4 26. dxc4 e5 27.
Qb6 Qd6 28. Ba5 Ne6 29. Bd5 exf4 30. exf4 Kh7 31. Bc3 Ned4 32. Kg2 Qe7 33.
Qb7 Nd8 34. Qb1 Qe2 35. Nc1 Qe3 36. Na2 Ne2 37. Bxg7 Qxg3+ 38. Kf1 Qg1+ 0-1

[Event "1st Spanish League"]
[Site "Linares"]
[Date "2017.08.16"]
[Round "3"]
[White "Ortin Blanco, Ainhoa"]
[Black "Nicolas Zapata, Irene"]
[Result "1/2-1/2"]
[BlackTitle "WIM"]
[WhiteElo "1961"]
[BlackElo "2287"]
[Board "5"]
[WhiteCountry "ESP"]
[WhiteFideId "32010117"]
[BlackCountry "ESP"]
[BlackFideId "22247270"]
[WhiteEloChange "7"]
[BlackEloChange "-7"]

1. d4 Nf6 2. c4 e6 3. Nc3 d5 4. cxd5 exd5 5. Bg5 c6 6. e3 Be7 7. Qc2 Nbd7
8. Bd3 Nf8 9. Nge2 Ne6 10. Bh4 Bd7 11. f3 Rc8 12. O-O c5 13. dxc5 Bxc5 14.
Bf2 O-O 15. Qd2 Qb6 16. Bc2 Rfd8 17. Rfd1 g6 18. Ba4 Qa6 19. Bxd7 Rxd7 20.
Qd3 Qxd3 21. Rxd3 Bf8 22. Rad1 Bh6 23. e4 d4 24. Bxd4 Nxd4 25. Nxd4 Rcd8
26. Kf2 a6 27. Ke2 Nh5 28. g3 Re8 29. Nf5 Rxd3 30. Nxh6+ Kg7 31. Rxd3 Kxh6
32. Rd7 f5 33. Rxb7 fxe4 34. Nxe4 Nf6 35. Kd3 Rd8+ 36. Kc2 Nd5 37. Kb3 g5
38. Ra7 Rb8+ 39. Ka3 Nb4 40. Ka4 g4 41. a3 Nd3 42. Rxa6+ Kg7 43. b4 gxf3
44. Rf6 Ne1 45. Rf4 Re8 46. Ng5 Re3 47. b5 h6 48. Nh3 Nc2 49. b6 Rxa3+ 50.
Kb5 Rb3+ 51. Ka6 Nb4+ 52. Ka7 Nd5 53. Rg4+ Kf7 54. b7 Ra3+ 55. Kb8 Ke7 56.
Nf2 Nf6 57. Kc7 Rc3+ 58. Kb6 Rb3+ 59. Ka7 Ra3+ 60. Kb6 Rb3+ 61. Ka7 Ra3+
62. Kb6 Nxg4 63. Nxg4 h5 64. Nf2 Ke6 65. b8=Q Rb3+ 66. Kc7 Rxb8 67. Kxb8
Ke5 68. h4 Kd4 69. g4 Ke3 70. gxh5 Kxf2 71. h6 Kg3 72. h7 f2 73. h8=Q f1=Q
74. Qg7+ Kxh4 1/2-1/2

[Event "1st Spanish League"]
[Site "Linares"]
[Date "2017.08.17"]
[Round "4"]
[White "Oparin, Grigoriy"]
[Black "Granda Zuniga, Julio E"]
[Result "1-0"]
[WhiteTitle "GM"]
[BlackTitle "GM"]
[WhiteElo "2609"]
[BlackElo "2662"]
[Board "1"]
[WhiteCountry "RUS"]
[WhiteFideId "24125890"]
[BlackCountry "PER"]
[BlackFideId "3800024"]
[WhiteEloChange "6"]
[BlackEloChange "-6"]

1. e4 e5 2. Nf3 Nc6 3. Bb5 Nf6 4. d3 Bc5 5. Bxc6 dxc6 6. Qe2 Qe7 7. h3 Nd7
8. Nbd2 Nf8 9. Nb3 Bd6 10. d4 f6 11. dxe5 fxe5 12. Be3 Ng6 13. O-O-O a5 14.
Kb1 a4 15. Nc1 O-O 16. g3 b5 17. Ne1 Ba6 18. h4 Qe6 19. Ned3 b4 20. h5 Ne7
21. h6 g6 22. f4 Bxd3 23. Nxd3 a3 24. b3 exf4 25. Bxf4 Nd5 26. Bd2 Rae8 27.
Rh4 Bxg3 28. Rg4 Rf2 29. Nxf2 Bxf2 30. Qxf2 1-0

[Event "1st Spanish League"]
[Site "Linares"]
[Date "2017.08.17"]
[Round "4"]
[White "Vazquez Igarza, Renier"]
[Black "Antipov, Mikhail Al."]
[Result "0-1"]
[WhiteTitle "GM"]
[BlackTitle "GM"]
[WhiteElo "2574"]
[BlackElo "2580"]
[Board "2"]
[WhiteCountry "ESP"]
[WhiteFideId "3503054"]
[BlackCountry "RUS"]
[BlackFideId "4107012"]
[WhiteEloChange "-5"]
[BlackEloChange "5"]

1. Nf3 c5 2. c4 Nf6 3. Nc3 g6 4. e4 d6 5. d4 cxd4 6. Nxd4 Nc6 7. Be2 Nxd4
8. Qxd4 Bg7 9. Be3 O-O 10. Qd2 a5 11. f3 a4 12. Kf2 Be6 13. Rac1 Nd7 14.
Nd5 Nc5 15. Nf4 Qb6 16. Rc2 Bh6 17. Kg3 f5 18. exf5 Rxf5 19. Nxe6 Bxe3 20.
Qxe3 Re5 21. Qd4 Rxe6 22. Rd1 Rf8 23. Bf1 Re5 24. Re2 Qc7 25. Re3 Ne6 26.
Qc3 Qc5 27. Rxe5 dxe5 28. Re1 Rf5 29. Qe3 Qb4 30. Qc3 Qxc3 31. bxc3 Nc5 32.
Rd1 Kf7 33. Bd3 Rf4 34. Be2 e6 35. Rd8 Ke7 36. Rc8 Kd6 37. Rd8+ Kc7 38. Rh8
Rf7 39. Kg4 Rd7 40. Kg5 Rd2 41. Rxh7+ Kd6 42. Bf1 Rxa2 43. Rh8 Kc7 44. Ra8
Rf2 45. Bd3 Rxg2+ 46. Kf6 Nxd3 47. Rxa4 Rxh2 0-1

[Event "1st Spanish League"]
[Site "Linares"]
[Date "2017.08.17"]
[Round "4"]
[White "Perez Candelario, Manuel"]
[Black "Moreno Ruiz, Javier"]
[Result "1/2-1/2"]
[WhiteTitle "GM"]
[BlackTitle "IM"]
[WhiteElo "2586"]
[BlackElo "2460"]
[Board "3"]
[WhiteCountry "ESP"]
[WhiteFideId "2210622"]
[BlackCountry "ESP"]
[BlackFideId "2203146"]
[WhiteEloChange "-2"]
[BlackEloChange "2"]

1. e4 c5 2. Nf3 e6 3. d4 cxd4 4. Nxd4 Nf6 5. Nc3 Nc6 6. Ndb5 Bb4 7. a3
Bxc3+ 8. Nxc3 d5 9. exd5 exd5 10. Bd3 O-O 11. O-O d4 12. Ne2 Bg4 13. f3 Bh5
14. Nf4 Bg6 15. Nxg6 hxg6 16. f4 Ne7 17. Qf3 Qb6 18. b3 Rfe8 19. Bd2 Nf5
20. a4 a5 21. Kh1 Re7 22. Rae1 Rae8 23. Rxe7 Rxe7 24. Re1 Rxe1+ 25. Bxe1
Ne3 26. h3 Qc7 27. Bf2 Nxc2 28. f5 gxf5 29. Bxf5 Ne3 30. Bxe3 dxe3 31. Qxe3
g6 32. Bg4 Nxg4 33. hxg4 b6 1/2-1/2

[Event "1st Spanish League"]
[Site "Linares"]
[Date "2017.08.17"]
[Round "4"]
[White "Martin Duque, Jesus"]
[Black "Santos Latasa, Jaime"]
[Result "1/2-1/2"]
[WhiteTitle "FM"]
[BlackTitle "IM"]
[WhiteElo "2386"]
[BlackElo "2524"]
[Board "4"]
[WhiteCountry "ESP"]
[WhiteFideId "2208954"]
[BlackCountry "ESP"]
[BlackFideId "2293307"]
[WhiteEloChange "4"]
[BlackEloChange "-2"]

1. e4 c5 2. Nf3 d6 3. Bb5+ Nd7 4. O-O a6 5. Bd3 Ngf6 6. Re1 b5 7. c4 Rb8 8.
Nc3 b4 9. Nd5 e5 10. a3 bxa3 11. Rxa3 Be7 12. Bf1 O-O 13. d3 Nxd5 14. cxd5
Nb6 15. Bd2 Na8 16. Qc2 Nc7 17. Ba5 Qd7 18. Bxc7 Qxc7 19. Nd2 Rb4 20. Nc4
g6 21. Rea1 Bb7 22. Rb3 Rxb3 23. Qxb3 Rb8 24. Qc3 Bc8 25. Be2 Rb4 26. Bd1
h5 27. Ra4 Rb8 28. Ra3 Rb4 29. Ra4 Rb8 30. Ra3 Rb4 31. Ba4 Bb7 32. Bb3 Bd8
33. Bd1 Bc8 34. Ba4 Bb7 35. Bd1 Bc8 36. Ba4 Bb7 37. Bd1 Bc8 1/2-1/2

[Event "1st Spanish League"]
[Site "Linares"]
[Date "2017.08.17"]
[Round "4"]
[White "Hernandez Estevez, Yudania"]
[Black "Collazo Hidalgo-Gato, Niala"]
[Result "1/2-1/2"]
[WhiteTitle "WIM"]
[BlackTitle "WIM"]
[WhiteElo "2211"]
[BlackElo "2198"]
[Board "5"]
[WhiteCountry "ESP"]
[WhiteFideId "2219344"]
[BlackCountry "ESP"]
[BlackFideId "3504476"]

1. e4 g6 2. d4 Bg7 3. Nc3 d6 4. Be3 c6 5. Qd2 b5 6. a4 b4 7. Nce2 a5 8. f3
Nf6 9. Bh6 Bxh6 10. Qxh6 Nbd7 11. O-O-O Qb6 12. g4 Ba6 13. Qd2 O-O-O 14. g5
Ne8 15. Bh3 Kb8 16. f4 c5 17. Bxd7 Rxd7 18. d5 Nc7 19. Nf3 e6 20. dxe6 Nxe6
21. Ng3 Rhd8 22. f5 Nc7 23. Rhe1 c4 24. Nd4 Bb7 25. Qe2 Qc5 26. Kb1 Re8 27.
Qg4 Rdd8 28. h4 Bc6 29. b3 Re5 30. h5 Ka8 31. hxg6 hxg6 32. Qe2 c3 33. Qd3
Bb7 34. Nf3 Ree8 35. Nd4 Re5 36. Nf3 Ree8 37. Nd4 1/2-1/2

[Event "1st Spanish League"]
[Site "Linares"]
[Date "2017.08.17"]
[Round "4"]
[White "Bruzon Batista, Lazaro"]
[Black "Glavina, Pablo"]
[Result "1-0"]
[WhiteTitle "GM"]
[BlackTitle "IM"]
[WhiteElo "2643"]
[BlackElo "2400"]
[Board "1"]
[WhiteCountry "CUB"]
[WhiteFideId "3503739"]
[BlackCountry "ARG"]
[BlackFideId "100234"]
[WhiteEloChange "2"]
[BlackEloChange "-2"]

1. e4 e5 2. Nf3 Nc6 3. Bb5 a6 4. Ba4 Nge7 5. Bb3 h6 6. d4 exd4 7. Nxd4 Nxd4
8. Qxd4 Nc6 9. Qd5 Qf6 10. O-O d6 11. Nc3 Be6 12. Qd3 O-O-O 13. Be3 Nb4 14.
Qe2 Bxb3 15. cxb3 d5 16. a3 d4 17. axb4 dxc3 18. bxc3 Qxc3 19. b5 Qd3 20.
Qg4+ Qd7 21. Qxd7+ Rxd7 22. bxa6 bxa6 23. Rxa6 g5 24. Rc1 Bg7 25. g3 Kb7
26. Ra7+ Kb8 27. Rc4 Rd1+ 28. Kg2 Be5 29. Rb4+ Kc8 30. Rb5 Bf6 31. Rf5 Bd8
32. Rxf7 Re8 33. Rh7 Kb8 34. Rxh6 Rxe4 35. Ra5 1-0

[Event "1st Spanish League"]
[Site "Linares"]
[Date "2017.08.17"]
[Round "4"]
[White "Adla, Diego"]
[Black "Cordova, Emilio"]
[Result "1-0"]
[WhiteTitle "IM"]
[BlackTitle "GM"]
[WhiteElo "2394"]
[BlackElo "2629"]
[Board "2"]
[WhiteCountry "ARG"]
[WhiteFideId "100072"]
[BlackCountry "PER"]
[BlackFideId "3801497"]
[WhiteEloChange "16"]
[BlackEloChange "-8"]

1. Nf3 c5 2. c4 b6 3. d4 cxd4 4. Nxd4 Bb7 5. f3 d6 6. e4 Nd7 7. Nc3 Ngf6 8.
Be3 a6 9. Be2 e6 10. O-O Be7 11. a4 O-O 12. a5 Re8 13. axb6 Nxb6 14. Nb3
Qc7 15. Na5 Bc8 16. b4 Nbd7 17. Qa4 Ne5 18. Rfc1 Bd7 19. Qa3 Ng6 20. Na4
Rab8 21. Bf1 h5 22. Bf2 h4 23. c5 d5 24. exd5 Nxd5 25. Nb6 Bg5 26. Rd1 Bf4
27. Nxd7 Bxh2+ 28. Kh1 Bg3 29. Nxb8 Bxf2 30. f4 Rxb8 31. f5 Nge7 32. Qf3
Be3 33. fxe6 fxe6 34. Qe4 Qc8 35. Rxd5 Nxd5 36. Bd3 h3 37. Qh7+ Kf8 38.
Rf1+ Bf4 39. g3 Qc7 40. Bg6 e5 41. Qh8+ Ke7 42. Qxb8 1-0

[Event "1st Spanish League"]
[Site "Linares"]
[Date "2017.08.17"]
[Round "4"]
[White "Volkov, Sergey"]
[Black "Goni Navarro, Pablo"]
[Result "1-0"]
[WhiteTitle "GM"]
[WhiteElo "2637"]
[BlackElo "2132"]
[Board "3"]
[WhiteCountry "RUS"]
[WhiteFideId "4122763"]
[BlackCountry "ESP"]
[BlackFideId "22295720"]
[WhiteEloChange "1"]
[BlackEloChange "-2"]

1. d4 Nf6 2. c4 e6 3. Nf3 Bb4+ 4. Nbd2 O-O 5. a3 Be7 6. e3 c5 7. dxc5 Bxc5
8. Bd3 d5 9. O-O dxc4 10. Nxc4 Nbd7 11. b4 Be7 12. e4 b6 13. Qc2 h6 14. Qe2
Re8 15. Bf4 Ba6 16. Rad1 Rc8 17. h3 Kh8 18. Nce5 Bxd3 19. Rxd3 Nxe5 20.
Nxe5 Kg8 21. Rxd8 Rexd8 22. b5 1-0